101 Facts Amazing Creatures / (Record no. 58945)

MARC details
000 -LEADER
fixed length control field 00896nam a22002177a 4500
005 - DATE AND TIME OF LATEST TRANSACTION
control field 20111202164438.0
010 ## - LCCN (DPL NO)
LC control number B-454794
020 ## - INTERNATIONAL STANDARD BOOK NUMBER
International Standard Book Number 9788179932001
Terms of availability 185.00
035 ## - SYSTEM CONTROL NUMBER
System control number B-454794
037 ## - SOURCE OF ACQUISITION
Stock number Blue Berry/Ven
Source of stock number/acquisition DPL
082 ## - DEWEY DECIMAL CLASSIFICATION NUMBER
Classification number 590
100 ## - MAIN ENTRY--PERSONAL NAME
Personal name Sharma, Garima
245 ## - TITLE STATEMENT
Title 101 Facts Amazing Creatures /
Statement of responsibility, etc by Garima Sharma; edited by Pallavi Sah; illustrated by Neeraj Riddlan
260 ## - PUBLICATION, DISTRIBUTION, ETC. (IMPRINT)
Place of publication, distribution, etc New Delhi
Name of publisher, distributor, etc Teri Press
Date of publication, distribution, etc 2008
270 ## - ADDRESS
Address Darbari Seth Block, IHC Complex, Lodhi Road
City New Delhi
Postal code 110003
300 ## - PHYSICAL DESCRIPTION
Extent 46p.
Other physical details col.ill
Dimensions 28cm. (Hb)
490 ## - SERIES STATEMENT
Series statement 101 Facts
-- 45290
942 ## - ADDED ENTRY ELEMENTS (KOHA)
Source of classification or shelving scheme Dewey Decimal Classification
Item type Children Books
Call number suffix SHA
Classification part 590
Holdings
Withdrawn status Lost status Not for loan Collection code Home library Current library Date acquired Source of acquisition Cost, normal purchase price Full call number Barcode Copy number Cost, replacement price Koha item type
      Non-fiction Central Library Central Library 18/04/2012 Blue Berry/7182/31.10.2011/83/21.03.2011/30.11.2011 185.00 590 SHA B-454794 1 185.00 Children Books

© Delhi Public Library
Hit Counter
free hit counter